000 00789nam a2200217 a 4500
003 0
005 20250527101138.0
008 021128s19uu xx 00 eng d
050 _aPGS RC 591
_b.M488 2001
100 _aMedenilla, Benedict.
245 _aProfile of Southville International School students with asthma /
_cBenedict Medenilla.
260 _aLas PiƱas City, Philippines :
_bSouthville International School and Colleges,
_c2001.
300 _a46 pages :
_billustrations ;
_c28 cm.
504 _aIncludes bibliographical references.
650 _aAsthma in children.
650 _aAsthma
_vEnvironmental aspects.
650 _aAsthma
_vPsychological aspects.
650 _aSchool environment
_vHealth aspects.
650 _aParental overprotection.
942 _2lcc
_cPASS
999 _c96555
_d96555